Io e il mio valletto

Сохранить в:
Библиографические подробности
Главный автор: Guibert Herve'
Формат:
Язык:неизвестный язык
Опубликовано: Torino Bollati Boringhieri 1993
Метки: Добавить метку
Нет меток, Требуется 1-ая метка записи!

MARC

LEADER 00000nam a2200000Ia 4500
001 150
003 NUMERAZIONE-ORIGINALE-BRESCIA
005 20260206230748.0
008 260206s9999 xx 000 0 und d
100 |a Guibert Herve' 
245 0 |a Io e il mio valletto 
260 |a Torino 
260 |b Bollati Boringhieri 
260 |c 1993 
500 |a Romanzo buffo 
500 |a Varianti 
942 |2 ddc  |c BK  |n 0 
952 |0 0  |1 0  |2 ddc  |4 0  |6 14  |7 0  |9 28343  |a BS  |b BS  |d 2026-02-06  |i 150  |l 0  |o 1-4-*  |r 2026-02-06 22:40:33  |w 2026-02-06  |x [REVISIONARE]  |y BK 
999 |c 24031  |d 24031